000 00470nam a2200181Ia 4500
005 20250326125448.0
008 250326s9999 xx 000 0 und d
037 _aTextbook
040 _aFMSL
_beng
_cFMSL
041 _aeng
_2eng
084 _aY L3
_qFMSL
100 _aO'kelly E
_9739138
245 0 _aAid and self-help
_cO'kelly E
260 _aLondon
_bLondon, Charles Knight
_c1973
300 _a140p
942 _cTB
_hY L3
999 _c1278170
_d1278170